000 00820nam a2200241 a 4500
001 000002493
005 20200929150211.0
008 090702s2007 dr a 000 p spa d
020 _a1932271740
040 _aDO-SdBNP
_bspa
_cBNPHU
082 _aPR861.5
_bF475b
100 1 _aFigueroa Luciano, Iván
_d1958 -
_97854
245 1 0 _aBreve estadía en el cuerpo /
_cIván Figueroa Luciano ; editor Ramón Rodríguez.
260 _aSanto Domingo :
_bIsla Negra,
_c2007.
490 1 _aJosemilio González
500 _aIncluye datos biográficos del autor en la solapa
590 _aInventariado, 2019 / DG
650 4 _aLiteratura puertorriqueña
_9250
650 4 _aPoesia puertorriqueña
_91015
700 1 _aRodríguez, Ramón
_eed.
_97855
830 0 _aJosemilio González
_96541
910 _aJornada de catalogación
999 _c2329
_d2329